| 000 | 01207nam a22003017a 4500 | ||
|---|---|---|---|
| 999 |
_c3777 _d3777 |
||
| 003 | AR-CdUCM | ||
| 008 | 190307b ||||| |||| 00| 0 spa d | ||
| 040 |
_aMUNICIPALIDAD PROVINCIAL DEL CUSCO _cBIBLIOTECA MUNICIPAL DEL CUSCO |
||
| 082 |
_a390 / _bF64 |
||
| 100 |
_aFlores Ochoa, Jorge A. _91877 |
||
| 245 |
_aLlamicheros y paqocheros : _bpastores de llamas y alpacas / |
||
| 260 |
_aCuzco : _bCEAC, _c1988. |
||
| 300 |
_a318 páginas ; _c21 cm. |
||
| 505 | _aEl sur mas antiguo revisión de la domesticación de camelidos andinos -- Identificando el sedentarismo pre-histórico en los cazadores recolectores -- Las evidencias arqueológicas acerca de la domesticación de la alpaca y la llama y el desarrollo de la ganadería autóctona... | ||
| 650 |
_aArqueología. _9371 |
||
| 650 |
_aCamélidos. _912197 |
||
| 650 |
_aSedentarismo. _912198 |
||
| 650 |
_aAgricultura. _9320 |
||
| 650 |
_aArte rupestre. _912199 |
||
| 700 |
_aKent, Jonathan _912200 |
||
| 700 |
_aRick, John _912201 |
||
| 700 |
_aWheeler, Jane _912202 |
||
| 700 |
_aAguilar Meza, Trinidad _912203 |
||
| 700 |
_aPalacio Rios, Felix _912204 |
||
| 700 |
_aHostnig, Reiner _912205 |
||
| 942 |
_2ddc _cLIBROS |
||
| 945 |
_awfj _d2019-03-07 |
||